| 000 | 00731nam a2200241 a 4500 | ||
|---|---|---|---|
| 001 | 12992 | ||
| 003 | BD-RjUL | ||
| 005 | 20211208235404.0 | ||
| 008 | 161027s1962 enka 001 0 eng d | ||
| 035 | _a(BD-RjUL)13042 | ||
| 040 |
_aBD-RjUL _beng _cBD-RjUL _dBD-RjUL |
||
| 041 | _aeng | ||
| 082 |
_a541.223 _bPRO 1962 |
||
| 245 | 0 | 0 |
_aProgress in stereochemistry / _ceditor W. Klyne. |
| 260 |
_aLondon : _bButterworths Scientific Publications, _c1962. |
||
| 300 |
_aV. : _bill. ; _c25 cm. |
||
| 504 | _aIncludes bibliographical references and index. | ||
| 650 | 0 |
_aStereochemistry. _940497 |
|
| 700 | 1 |
_aKlyne, William. _932616 |
|
| 700 | 1 |
_aDe la Mare, Peter Bernard David. _932617 |
|
| 942 |
_2ddc _cBK |
||
| 999 |
_c12992 _d12992 |
||